|
|
|
|
| LEADER |
00900nam a2200265 a 4500 |
| 001 |
4832 |
| 003 |
BD-DhAAL |
| 005 |
20150825095459.0 |
| 008 |
150825s2002 xxu b i000 0 eng |
| 010 |
|
|
|a 2006561574
|
| 037 |
|
|
|b Library of Congress -- New Delhi Overseas Office
|
| 040 |
|
|
|a DLC
|c DLC
|d BD-DhAAL
|
| 050 |
0 |
0 |
|a HC430.6.Z9
|b P6348 2002
|
| 082 |
|
|
|a 338.954
|
| 245 |
0 |
0 |
|a Poverty and vulnerability in South Asia.
|
| 260 |
|
|
|a Washington :
|b World Bank,
|c 2002.
|
| 300 |
|
|
|a 70 p. ;
|c 29 cm.
|
| 504 |
|
|
|a Includes bibliographical references (p. 61-64).
|
| 541 |
|
|
|e 4832
|
| 650 |
|
0 |
|a Poverty
|z South Asia.
|9 14041
|
| 651 |
|
0 |
|a South Asia
|x Economic conditions.
|9 10834
|
| 710 |
2 |
|
|a World Bank.
|9 14042
|
| 942 |
|
|
|2 ddc
|c BK
|
| 999 |
|
|
|c 35318
|d 35318
|
| 952 |
|
|
|0 0
|1 0
|2 ddc
|4 0
|6 338_954000000000000_POV
|7 0
|9 55514
|a SCL
|b SCL
|c GEN
|d 2015-08-25
|l 0
|o 338.954 POV
|p 3020004832
|r 2015-08-25
|t 1
|w 2015-08-25
|y BK
|